Statistics for The Office Trivia

Click here to take the quiz!

General Stats

  • This quiz has been taken 38,609 times
    (16,623 since last reset)
  • The average score is 17 of 20

Answer Stats

QuestionAnswer% Correct
What does Dunder-Mifflin sell?Paper
99%
In what city does the show take place?Scranton
96%
What does Dwight grow on his farm?Beets
96%
What item of Dwight's does Jim put inside a jello mold?Stapler
94%
What committee does Angela rule with an iron fist?{Party}-planning
committee
93%
What is the Dunder Mifflin equivalent of the Oscars?The Dundies
92%
What is Andy's nickname for Jim?Big {Tuna}
90%
Who does Phyllis marry?Bob Vance,
Vance Refrigeration
90%
Who was the youngest V.P. in Dunder Mifflin history?Ryan
85%
Where do Jim and Pam get married?Niagara Falls
84%
What college does Andy constantly remind people that he attended?Cornell
83%
What surgery did Michael have performed (and reversed) multiple times?Vasectomy
82%
Who does Michael move to Colorado with?Holly
81%
Who is Pam's former fiance?Roy
81%
What is the name of Dwight's cousin?Mose
80%
Who were the children that Michael promised a free college education?Scott's {Tots}
79%
... and at what chain restaurant does the award ceremony take place?Chili's
78%
In the Yankee swap game, what expensive gift did Michael buy that far exceeded
the $20 limit?
iPod
78%
What is the name of the actor who plays Creed Bratton?Creed Bratton
78%
What famous movie actress starred as Katy, who came into the office to sell purses
and started dating Jim?
Amy Adams
54%

Score Distribution

Percentile by Number Answered

Percent of People with Each Score

Your Score History

You have not taken this quiz since the last reset